Modelovanie a realizácia prípravku pre plastové okná

Guardado en:
Detalles Bibliográficos
Autor principal: Kozač, Peter (Autor)
Otros Autores: Pokorný, Peter (Orientador)
Formato: Manuscrito Libro
Lenguaje:eslovaco
Publicado: 2023
Materias:
Acceso en línea:http://is.stuba.sk/zp/portal_zp.pl?podrobnosti=165828
Etiquetas: Agregar Etiqueta
Sin Etiquetas, Sea el primero en etiquetar este registro!

MARC

LEADER 00000ntm a22000003a 4500
001 stuzp93354
003 SK-STU
005 20230909214745.9
007 ta
008 150427s2015----xo-----f-mn---000-0-slo-d
040 |a STU  |b slo 
041 0 |a slo 
100 1 |a Kozač, Peter  |u 063000  |4 aut  |U MTF Materiálovotechnologická fakulta  |T MTF Ústav výrobných technológií  |X 112481  |U M3000  |Y 83  |7 112481 
242 0 1 |a Design and realization of jig for plastic windows  |y eng 
245 1 0 |a Modelovanie a realizácia prípravku pre plastové okná 
260 |c 2023 
650 4 |a ozubený prevod  |2 slo 
650 4 |a prípravok  |2 slo 
650 4 |a Fusion 360  |2 slo 
650 4 |a plastové okno  |2 slo 
650 4 |a závitovkový prevod  |2 slo 
650 4 |a gumené tesnenie  |2 slo 
650 4 |a jig  |2 eng 
650 4 |a fixture  |2 eng 
650 4 |a Fusion 360  |2 eng 
650 4 |a plastic window  |2 eng 
650 4 |a gear  |2 eng 
650 4 |a rubber sealing  |2 eng 
700 1 |a Pokorný, Peter  |u 063200  |k Z1  |4 ths  |U MTF Ústav výrobných technológií  |T MTF Katedra obrábania a počítačovej podpory technológií  |X 2771  |U M3200  |Y 164  |7 A000002771 
856 4 |u http://is.stuba.sk/zp/portal_zp.pl?podrobnosti=165828 
996 |c M* BP-9605  |l MMSKP  |s P  |a 0  |w stuzp93354_0001